NCAA Tournament Cities Quiz Stats

Quiz Updated Mar 12, 2017

Also try: NCAA Helmets
Challenge
Share
Tweet
Embed
Score 0/123 Timer 16:00
1 Play Today
State City % Correct
NYNew York City
93.8%
TXDallas
88.3%
GAAtlanta
87.7%
CALos Angeles
85.9%
ILChicago
85.4%
FLMiami
84.5%
TXHouston
83.8%
NYAlbany
83.5%
INIndianapolis
83.5%
MABoston
82.7%
CASan Diego
82.1%
MIDetroit
82%
CASan Francisco
82%
CODenver
80.8%
WASeattle
80.7%
OKOklahoma City
80.7%
OHCleveland
80.6%
UTSalt Lake City
80.4%
TXSan Antonio
78.9%
TXAustin
78.8%
AZPhoenix
78.4%
LANew Orleans
78.2%
OHColumbus
77.4%
OHCincinnati
77%
MDBaltimore
76.7%
TNNashville
76.4%
MOKansas City
76.2%
ORPortland
76.2%
MOSt. Louis
75.9%
PAPhiladelphia
75.7%
DCWashington
75.6%
NCCharlotte
74.5%
IDBoise
74.3%
PAPittsburgh
74.2%
NCRaleigh
74.2%
TNMemphis
74.1%
KYLouisville
73.9%
FLOrlando
73.1%
MNMinneapolis
72.9%
FLTampa
71.2%
LABaton Rouge
70.7%
State City % Correct
NMAlbuquerque
69.6%
RIProvidence
68.3%
WIMadison
67.7%
NYBuffalo
67.2%
FLJacksonville
67%
VARichmond
66.8%
CASacramento
66.8%
NYSyracuse
66.7%
WIMilwaukee
66.6%
KYLexington
66.3%
ALBirmingham
66.1%
SCColumbia
62.9%
CTHartford
61.7%
NCDurham
61.6%
OKTulsa
61.2%
NJNewark
61.1%
CASan Jose
60.9%
CAOakland
60.8%
IADes Moines
60%
NEOmaha
60%
NELincoln
58.9%
OHDayton
58.8%
ARLittle Rock
57.8%
MIEast Lansing
57.6%
TNKnoxville
56.7%
FLTallahassee
56.5%
CAAnaheim
55.7%
TXFort Worth
55%
IAAmes
54.6%
TXEl Paso
54.6%
AZTucson
53.8%
IAIowa City
52.5%
OREugene
51.5%
GAAthens
50.5%
UTProvo
50.2%
AZTempe
49.7%
KSWichita
45.7%
INSouth Bend
45.7%
WASpokane
45.3%
NCGreensboro
44.5%
INFort Wayne
42.9%
State City % Correct
INBloomington
42.5%
KSManhattan
40.6%
FLSt. Petersburg
40.5%
NCChapel Hill
39.9%
OKNorman
39.7%
ALTuscaloosa
39.1%
WVMorgantown
38%
KSLawrence
37.1%
NJEast Rutherford
36.4%
TXLubbock
33.9%
MDCollege Park
32.6%
COFort Collins
32%
NCWinston-Salem
31.9%
MAWorcester
31.5%
ORCorvallis
30.8%
OKStillwater
28.8%
ILPeoria
28.2%
INEvansville
27.6%
ILEvanston
27.2%
INWest Lafayette
27.1%
SCGreenville
26.1%
VABlacksburg
25.6%
CAPalo Alto
23.6%
UTOgden
23.4%
NMLas Cruces
23%
CALong Beach
22.8%
KYBowling Green
22.8%
CABerkeley
22.3%
NJPrinceton
22.2%
INTerre Haute
19.2%
TXDenton
18.8%
OHKent
16.5%
WAPullman
16%
IDPocatello
15%
UTLogan
14.3%
TNMurfreesboro
14.2%
RIKingston
13.6%
VAWilliamsburg
12.4%
ILCarbondale
10.9%
NYUniondale
8.4%
OKEl Reno
4.7%

You're not logged in!

Compare scores with friends on all Sporcle quizzes.
Join for Free
OR
Log In

You Might Also Like...

Show Comments

Extras

Top Quizzes Today


Score Distribution

Your Account Isn't Verified!

In order to create a playlist on Sporcle, you need to verify the email address you used during registration. Go to your Sporcle Settings to finish the process.

Report this User

Report this user for behavior that violates our Community Guidelines.

Details: